Historia de Cristóbal Colón: análisis crítico de las fuentes documentales y de los problemas colombinos
Gespeichert in:
| 1. Verfasser: | |
|---|---|
| Format: | Buch |
| Sprache: | Spanisch |
| Veröffentlicht: |
Buenos Aires
Claridad
1942
|
| Schriftenreihe: | Biblioteca de Obras Famosas, 84
|
| Schlagworte: | |
| Tags: |
Tag hinzufügen
Keine Tags, Fügen Sie den ersten Tag hinzu!
|
MARC
| LEADER | 00000nam a2200000 a 4500 | ||
|---|---|---|---|
| 001 | UCH4456 | ||
| 003 | CL-VaPUC | ||
| 008 | 090820e19420000AG |||||||||||||||||spa|d | ||
| 082 | 0 | 4 | |a 923.9 |b GAN |2 21 |
| 100 | |a Gandía, Enrique de |e author |9 539979 | ||
| 245 | 1 | 0 | |a Historia de Cristóbal Colón: análisis crítico de las fuentes documentales y de los problemas colombinos |
| 300 | |a 477 p | ||
| 942 | |c BK | ||
| 945 | |d 20090820 00:00:00 |a rbrito | ||
| 260 | |a Buenos Aires |b Claridad |c 1942 | ||
| 600 | 0 | 7 | |a COLON, CRISTOBAL |2 CL-VaPUC |9 265189 |
| 650 | 0 | |a Biografías |9 255210 | |
| 650 | 7 | |a DESCUBRIMIENTO DE AMERICA |2 CL-VaPUC |9 539980 | |
| 583 | |a last modification |c 20090820 00:00:00 |k Rodrigo Vera | ||
| 490 | 0 | |a Biblioteca de Obras Famosas, 84 | |
| 999 | |c 335769 |d 335767 | ||
| 952 | |0 0 |1 0 |4 0 |6 923_900000000000000_GAN_1942 |7 0 |8 X |9 426484 |a BIBHIS |b BIBHIS |d 2019-11-22 |i 4589645 |o 923.9 GAN 1942 |p 4589645 |r 2024-01-30 |w 2019-11-22 |y BK_X |k HIS | ||